[Event "Arco op 45th"]
[Site "Arco"]
[Date "2023.10.08"]
[Round "2"]
[White "Roversi, Stefano"]
[Black "Carrella, Adriano"]
[Result "0-1"]
[WhiteElo "1557"]
[BlackElo "1869"]
[PlyCount "122"]
[EventDate "2023.10.07"]
[EventType "swiss"]
[EventRounds "9"]
[EventCountry "ITA"]
[SourceTitle "Mega2024 Update 01"]
[Source "Chessbase"]
[SourceDate "2023.11.12"]
[SourceVersion "1"]
[SourceVersionDate "2023.11.12"]
[SourceQuality "1"]

1. c4 c5 2. Nc3 e6 3. g3 Nc6 4. Bg2 Nf6 5. Nf3 d6 6. e3 Be7 7. d4 0-0 8. 0-0 cxd4 9. exd4 Bd7 10. d5 Na5 11. Qe2 Rc8 12. Nd2 Qc7 13. b3 e5 14. Nde4 Nxe4 15. Nxe4 f5 16. Bg5 Bxg5 17. Nxg5 Rce8 18. Qh5 h6 19. Ne6 Bxe6 20. dxe6 e4 21. Bh3 Rxe6 22. Bxf5 Re5 23. g4 Rf6 24. Rae1 Qe7 25. f4 exf3 26. Rxe5 Qxe5 27. Qh4 g6 28. Bb1 Qd4+ 29. Qf2 Qxg4+ 30. Kh1 Nc6 31. Rg1 Qh5 32. Be4 Ne5 33. Bd5+ Kg7 34. Qxa7 Rf8 35. Qxb7+ Kh8 36. Qe7 Qf5 37. Qh4 h5 38. Be4 Qf7 39. Rf1 f2 40. Qg5 Kg7 41. Bd5 Qa7 42. Be4 Rf6 43. Qd2 Ng4 44. h3 Qe3 45. Qd3 Qxd3 46. Bxd3 Ne3 47. a4 Nxf1 48. Bxf1 Rf3 49. b4 Rb3 50. b5 Ra3 51. Kg2 Rxa4 52. Kxf2 Ra3 53. Ke2 Kf7 54. Kd2 Ke7 55. Kc2 Kd7 56. Kb2 Rg3 57. Kc2 Kc7 58. Kd2 Kb6 59. Ke2 Kc5 60. Kf2 Rb3 61. Bg2 Kxc4 0-1

[Event "Arco op 44th"]
[Site "Arco"]
[Date "2022.10.14"]
[Round "7"]
[White "Roversi, Stefano"]
[Black "Paredes Guevara, Jesus Enrique"]
[Result "1-0"]
[WhiteElo "1584"]
[BlackElo "1344"]
[PlyCount "75"]
[EventDate "2022.10.08"]
[EventType "swiss"]
[EventRounds "9"]
[EventCountry "ITA"]
[SourceTitle "CBM 210 Extra"]
[Source "ChessBase"]
[SourceDate "2022.11.30"]
[SourceVersion "1"]
[SourceVersionDate "2022.11.30"]
[SourceQuality "1"]

1. e4 c5 2. Nf3 e6 3. Nc3 a6 4. g3 Nc6 5. Bg2 Qc7 6. 0-0 Nf6 7. d3 d6 8. Bg5 Be7 9. Qe2 h6 10. Bd2 Nd4 11. Nxd4 cxd4 12. Nd1 e5 13. c3 Bg4 14. f3 Bd7 15. cxd4 exd4 16. Rc1 Bc6 17. f4 Qd8 18. e5 Bxg2 19. Qxg2 dxe5 20. fxe5 Nd5 21. Qe4 Qd7 22. Qxd4 Qe6 23. Qa4+ b5 24. Qe4 Rd8 25. Ne3 Nxe3 26. Bxe3 Bg5 27. d4 Bxe3+ 28. Qxe3 f5 29. Rfd1 0-0 30. Qa3 f4 31. Qb3 Rde8 32. Qxe6+ Rxe6 33. Rf1 fxg3 34. hxg3 Rxf1+ 35. Kxf1 Kf8 36. Rc7 g5 37. Kf2 Ke8 38. Rh7 1-0

[Event "Arco op 40th"]
[Site "Arco"]
[Date "2018.10.13"]
[Round "1"]
[White "Roversi, Stefano"]
[Black "Knors, Rudi"]
[Result "1/2-1/2"]
[WhiteElo "1708"]
[BlackElo "2091"]
[PlyCount "82"]
[EventDate "2018.10.13"]
[EventType "swiss"]
[EventRounds "9"]
[EventCountry "ITA"]
[SourceTitle "CBM 186 Extra"]
[Source "ChessBase"]
[SourceDate "2018.08.24"]
[SourceVersion "1"]
[SourceVersionDate "2018.08.24"]
[SourceQuality "1"]

1. e4 c5 2. Nf3 e6 3. g3 Nc6 4. Bg2 Qc7 5. 0-0 Nf6 6. d3 d6 7. Nc3 a6 8. Ng5 h6 9. Nh3 Be7 10. f4 Nd4 11. Ne2 Bd7 12. c3 Nxe2+ 13. Qxe2 Bc6 14. e5 Bxg2 15. Kxg2 Nd7 16. exd6 Qxd6 17. f5 e5 18. Nf2 0-0-0 19. Ne4 Qb6 20. c4 Qc6 21. Kg1 Nf6 22. Nxf6 Bxf6 23. Be3 e4 24. dxe4 Qxe4 25. Rae1 Qc6 26. b3 Rhe8 27. Qg2 Re4 28. Bf2 Rde8 29. Rxe4 Rxe4 30. Rd1 Bd4 31. Bxd4 cxd4 32. Qf2 Qe8 33. Kf1 Qe5 34. Rd3 f6 35. Rf3 h5 36. Rf4 Re3 37. Rf3 Rc3 38. Rxc3 dxc3 39. b4 Kb8 40. Qc2 Qd4 41. Qe2 Qd2 1/2-1/2

[Event "Arco op 38th"]
[Site "Arco"]
[Date "2016.10.13"]
[Round "6"]
[White "Mazza, Maurizio"]
[Black "Roversi, Stefano"]
[Result "0-1"]
[WhiteElo "1616"]
[BlackElo "1770"]
[PlyCount "62"]
[EventDate "2016.10.08"]
[EventType "swiss"]
[EventRounds "9"]
[EventCountry "ITA"]
[SourceTitle "EXT 2017"]
[Source "ChessBase"]
[SourceDate "2016.10.25"]
[SourceVersion "1"]
[SourceVersionDate "2016.10.25"]
[SourceQuality "1"]

1. e4 c5 2. c3 d5 3. exd5 Qxd5 4. d4 Nf6 5. Nf3 Nc6 6. c4 Qe4+ 7. Be2 cxd4 8. 0-0 e5 9. Re1 Bb4 10. Bd3 Qg4 11. h3 Qh5 12. Nbd2 0-0 13. a3 Bd6 14. Ne4 Nxe4 15. Bxe4 Be6 16. g4 Qxh3 17. Nh2 Bxc4 18. Bg5 f6 19. Bd2 Be6 20. f3 f5 21. gxf5 Bxf5 22. Bd5+ Be6 23. Be4 Ne7 24. Re2 Bd5 25. Qe1 Bxe4 26. Rxe4 Nf5 27. Qf2 Qg3+ 28. Qxg3 Nxg3 29. Rg4 Ne2+ 30. Kf2 Nf4 31. Rag1 Nh3+ 0-1

[Event "Bertolini Memorial 18th"]
[Site "Genova"]
[Date "2013.06.23"]
[Round "4"]
[White "Roversi, Stefano"]
[Black "Boschi, Massimiliano"]
[Result "1/2-1/2"]
[WhiteElo "1791"]
[BlackElo "1953"]
[PlyCount "93"]
[EventDate "2013.06.05"]
[EventType "swiss"]
[EventRounds "5"]
[EventCountry "ITA"]
[SourceTitle "EXT 2015"]
[Source "ChessBase"]
[SourceDate "2014.11.20"]
[SourceVersion "1"]
[SourceVersionDate "2014.11.20"]
[SourceQuality "1"]

1. e4 e5 2. Nf3 Nc6 3. Bb5 a6 4. Ba4 Nf6 5. 0-0 Nxe4 6. d4 b5 7. Bb3 d5 8. dxe5 Be6 9. a4 b4 10. a5 Nc5 11. Nbd2 g5 12. Qe2 Bg7 13. Qe3 d4 14. Qxg5 Qxg5 15. Nxg5 Bxb3 16. Nxb3 Nxb3 17. cxb3 Bxe5 18. Re1 Kf8 19. f4 Bd6 20. Bd2 Re8 21. Ne4 Ke7 22. Rac1 Nb8 23. Nxd6+ Kxd6 24. Bxb4+ Kd7 25. Rxe8 Rxe8 26. Re1 Rxe1+ 27. Bxe1 Kd6 28. Kf2 Kd5 29. Ke2 Ke4 30. f5 Nc6 31. f6 Nd8 32. b4 c6 33. g4 Ne6 34. Bd2 d3+ 35. Kf2 Nd4 36. h3 Nf3 37. Bh6 Ne5 38. Bd2 Nc4 39. Bc3 Kf4 40. b3 Nd6 41. Bd2+ Ke4 42. h4 Kd4 43. Kf3 Ne4 44. Be3+ Ke5 45. Bf4+ Kd4 46. Be3+ Ke5 47. Bf4+ 1/2-1/2

[Event "Arco op 34th"]
[Site "Arco"]
[Date "2012.10.16"]
[Round "4"]
[White "Morselli, Stefano"]
[Black "Roversi, Stefano"]
[Result "1-0"]
[WhiteElo "1905"]
[BlackElo "1767"]
[PlyCount "55"]
[EventDate "2012.10.13"]
[EventType "swiss"]
[EventRounds "9"]
[EventCountry "ITA"]
[SourceTitle "EXT 2013"]
[Source "ChessBase"]
[SourceDate "2012.11.22"]
[SourceVersion "1"]
[SourceVersionDate "2012.11.22"]
[SourceQuality "1"]

1. Nf3 c5 2. g3 Nc6 3. Bg2 Nf6 4. 0-0 e6 5. d3 d5 6. Nbd2 Bd6 7. Re1 0-0 8. e4 dxe4 9. dxe4 Bb8 10. a4 Ng4 11. Qe2 f5 12. h3 Nge5 13. Nxe5 Nxe5 14. exf5 exf5 15. Nc4 Ng6 16. f4 a5 17. Ra3 Ra6 18. Re3 Qd4 19. Bd2 Nxf4 20. gxf4 Bxf4 21. c3 Bxe3+ 22. Bxe3 Qh4 23. Bxc5 Be6 24. Nd6 Rf6 25. Nxb7 Rg6 26. Rd1 f4 27. Rd8+ Kf7 28. Rf8# 1-0

[Event "Milan Crespi op-B 32nd"]
[Site "Milan"]
[Date "2011.12.11"]
[Round "6"]
[White "Coppola, Federico"]
[Black "Roversi, Stefano"]
[Result "0-1"]
[WhiteElo "1858"]
[BlackElo "1836"]
[PlyCount "134"]
[EventDate "2011.12.07"]
[EventType "swiss"]
[EventRounds "7"]
[EventCountry "ITA"]
[SourceTitle "EXT 2022"]
[Source "ChessBase"]
[SourceDate "2021.10.06"]
[SourceVersion "1"]
[SourceVersionDate "2021.10.06"]
[SourceQuality "1"]

1. e4 c5 2. Nf3 Nc6 3. d4 cxd4 4. Nxd4 a6 5. Nc3 e6 6. Be2 Nge7 7. Be3 Nxd4 8. Qxd4 b5 9. f4 Nc6 10. Qd2 Be7 11. 0-0 Bb7 12. Rad1 Rc8 13. Bf3 Na5 14. Qd3 Nc4 15. Bc1 Qc7 16. Ne2 d6 17. Nd4 0-0 18. Kh1 Bf6 19. b3 Nb6 20. Ba3 Rfd8 21. Bxd6 Rxd6 22. e5 Rxd4 23. Qxd4 Bxf3 24. Rxf3 Rd8 25. Qa1 Rxd1+ 26. Qxd1 Be7 27. Rd3 Nd5 28. a4 b4 29. Rd4 Bc5 30. Rd3 Nxf4 31. Rf3 Qxe5 32. Qf1 Nd5 33. Qxa6 Bd6 34. Qc8+ Bf8 35. Qc4 Qe1+ 36. Rf1 Qc3 37. Qe2 Ne3 38. Re1 Nxc2 39. Rc1 Nd4 40. Rxc3 Nxe2 41. Rc8 Nd4 42. a5 g6 43. a6 Nb5 44. Rb8 Na7 45. Ra8 Nb5 46. a7 Nxa7 47. Rxa7 Kg7 48. g3 e5 49. Kg2 Kf6 50. Kf3 Ke6 51. Ra6+ Bd6 52. Ra7 h5 53. h3 f5 54. g4 e4+ 55. Ke2 hxg4 56. hxg4 f4 57. Ra5 Be5 58. Rb5 Bc3 59. Ra5 Bd4 60. Ra8 f3+ 61. Kf1 Ke5 62. Rf8 Be3 63. Re8+ Kd4 64. Re6 g5 65. Rb6 Kc3 66. Re6 Kd3 67. Re8 Bd2 0-1

[Event "Arco op 33rd"]
[Site "Arco"]
[Date "2011.10.28"]
[Round "7"]
[White "Blasco, Domenico"]
[Black "Roversi, Stefano"]
[Result "1-0"]
[WhiteElo "1965"]
[BlackElo "1822"]
[PlyCount "75"]
[EventDate "2011.10.22"]
[EventType "swiss"]
[EventRounds "9"]
[EventCountry "ITA"]
[SourceTitle "EXT 2012"]
[Source "ChessBase"]
[SourceDate "2011.11.24"]
[SourceVersion "1"]
[SourceVersionDate "2011.11.24"]
[SourceQuality "1"]

1. d4 Nf6 2. Nf3 e6 3. e3 c5 4. Bd3 Nc6 5. 0-0 d5 6. b3 cxd4 7. exd4 Bd6 8. Bb2 0-0 9. Nbd2 Nb4 10. Be2 Qc7 11. a3 Nc6 12. Bd3 e5 13. dxe5 Nxe5 14. Nxe5 Bxe5 15. Bxe5 Qxe5 16. Re1 Qf4 17. Nf1 Ne4 18. Bxe4 dxe4 19. Qd5 Re8 20. Ng3 Qe5 21. Qxe5 Rxe5 22. Rxe4 Rxe4 23. Nxe4 Bf5 24. f3 Bxe4 25. fxe4 Re8 26. Rd1 g6 27. Rd7 Rxe4 28. Rxb7 a5 29. Ra7 Re5 30. Kf2 Kg7 31. c4 Kf6 32. g3 h5 33. Rb7 Re6 34. Rb5 Ra6 35. Ke3 Ke6 36. Kd4 Kd6 37. Rb7 f5 38. Rg7 1-0

[Event "Arco op 33rd"]
[Site "Arco"]
[Date "2011.10.25"]
[Round "4.63"]
[White "Roversi, Stefano"]
[Black "Cordioli, Luca"]
[Result "1/2-1/2"]
[WhiteElo "1822"]
[BlackElo "1658"]
[PlyCount "60"]
[EventDate "2011.10.22"]
[EventType "swiss"]
[EventRounds "9"]
[EventCountry "ITA"]
[SourceTitle "EXT 2012"]
[Source "ChessBase"]
[SourceDate "2011.11.24"]
[SourceVersion "1"]
[SourceVersionDate "2011.11.24"]
[SourceQuality "1"]

1. e4 c5 2. Nf3 Nc6 3. Bb5 d6 4. 0-0 Bd7 5. Nc3 Nf6 6. Re1 e5 7. d3 Be7 8. Bg5 0-0 9. Qd2 a6 10. Bc4 b5 11. Bxf6 Bxf6 12. Bd5 Rb8 13. a3 Ne7 14. Ba2 h6 15. Ne2 Qc8 16. Ng3 Ng6 17. Nh5 Qd8 18. h3 Qe7 19. Nxf6+ Qxf6 20. Re3 Be6 21. Nh2 Bxa2 22. Rxa2 Qe6 23. Ra1 f5 24. exf5 Rxf5 25. Rg3 Nf4 26. Re1 Qd7 27. Nf3 Qc7 28. Qe3 Qc6 29. c3 Nh5 30. Rg4 Nf6 1/2-1/2

[Event "Arco op 33rd"]
[Site "Arco"]
[Date "2011.10.24"]
[Round "3"]
[White "Anfruns, Carlos"]
[Black "Roversi, Stefano"]
[Result "0-1"]
[WhiteElo "1767"]
[BlackElo "1822"]
[PlyCount "37"]
[EventDate "2011.10.22"]
[EventType "swiss"]
[EventRounds "9"]
[EventCountry "ITA"]
[SourceTitle "EXT 2012"]
[Source "ChessBase"]
[SourceDate "2011.11.24"]
[SourceVersion "1"]
[SourceVersionDate "2011.11.24"]
[SourceQuality "1"]

1. d4 Nf6 2. c4 g6 3. Nc3 Bg7 4. e4 d6 5. Nf3 0-0 6. Be2 Nbd7 7. 0-0 e5 8. d5 Nc5 9. Qc2 a5 10. Ne1 Ne8 11. Nd3 Nxd3 12. Bxd3 f5 13. exf5 gxf5 14. f4 e4 15. Be2 Bd4+ 16. Kh1 Qh4 17. Qd1 Bf2 18. g3 Bxg3 19. Rg1 0-1

[Event "Liguria Region-ch"]
[Site "Spotorno"]
[Date "2011.04.16"]
[Round "2"]
[White "Cotugno, Michele"]
[Black "Roversi, Stefano"]
[Result "0-1"]
[WhiteElo "1740"]
[BlackElo "1879"]
[PlyCount "76"]
[EventDate "2011.04.15"]
[EventType "swiss"]
[EventRounds "5"]
[EventCountry "ITA"]
[SourceTitle "EXT 2024"]
[Source "ChessBase"]
[SourceDate "2023.10.10"]
[SourceVersion "1"]
[SourceVersionDate "2023.10.10"]
[SourceQuality "1"]

1. d4 Nf6 2. c4 g6 3. Nc3 Bg7 4. e4 d6 5. Nf3 0-0 6. Bd3 c5 7. d5 Bg4 8. 0-0 Nbd7 9. h3 Bxf3 10. Qxf3 Ne5 11. Qe2 Nxd3 12. Qxd3 Nd7 13. Bf4 f5 14. Qd2 Ne5 15. Bxe5 Bxe5 16. Rae1 f4 17. f3 Bd4+ 18. Kh1 Qa5 19. Re2 a6 20. Qc2 b5 21. cxb5 axb5 22. a3 b4 23. axb4 cxb4 24. Nd1 Rfc8 25. Qd3 Be5 26. Rc2 Rxc2 27. Qxc2 Qa6 28. Re1 Rc8 29. Qb1 Qc4 30. Nf2 b3 31. Nd3 Qd4 32. Rc1 Rxc1+ 33. Nxc1 Qd1+ 34. Kh2 Bd4 35. h4 Qg1+ 36. Kh3 Qh1+ 37. Kg4 Be3 38. Kg5 Kg7 0-1

[Event "Liguria Region-ch"]
[Site "Spotorno"]
[Date "2011.04.15"]
[Round "1"]
[White "Roversi, Stefano"]
[Black "Ranieri, Fabrizio"]
[Result "0-1"]
[WhiteElo "1879"]
[BlackElo "2283"]
[PlyCount "40"]
[EventDate "2011.04.15"]
[EventType "swiss"]
[EventRounds "5"]
[EventCountry "ITA"]
[SourceTitle "EXT 2024"]
[Source "ChessBase"]
[SourceDate "2023.10.10"]
[SourceVersion "1"]
[SourceVersionDate "2023.10.10"]
[SourceQuality "1"]

1. e4 e6 2. d3 d5 3. Nd2 c5 4. Ngf3 Nc6 5. g3 Nf6 6. Bg2 Be7 7. 0-0 b6 8. Re1 Bb7 9. exd5 exd5 10. Nf1 0-0 11. Nh4 Qd7 12. Ne3 g6 13. Qe2 Rfe8 14. Qf1 d4 15. Bh3 Qd8 16. Nc4 b5 17. Ne5 Nxe5 18. Rxe5 Nd7 19. Bxd7 Qxd7 20. Bh6 Bxh4 0-1

[Event "Arco op 32nd"]
[Site "Arco"]
[Date "2010.10.23"]
[Round "8"]
[White "Tomassoni, Leonardo"]
[Black "Roversi, Stefano"]
[Result "1/2-1/2"]
[WhiteElo "1935"]
[BlackElo "1859"]
[PlyCount "120"]
[EventDate "2010.10.16"]
[EventType "swiss"]
[EventRounds "9"]
[EventCountry "ITA"]
[SourceTitle "EXT 2024"]
[Source "ChessBase"]
[SourceDate "2023.10.10"]
[SourceVersion "1"]
[SourceVersionDate "2023.10.10"]
[SourceQuality "1"]

1. e4 c5 2. Nf3 Nc6 3. d4 cxd4 4. Nxd4 a6 5. Nc3 e6 6. Nxc6 bxc6 7. Be2 d5 8. Be3 Nf6 9. e5 Nd7 10. f4 c5 11. Bf2 Bb7 12. Bf3 Qc7 13. 0-0 Be7 14. Qd2 0-0 15. Rad1 Rfd8 16. Kh1 Nb6 17. b3 d4 18. Ne4 Nd5 19. c3 dxc3 20. Nxc3 Nb4 21. Qe2 Bxf3 22. Qxf3 Qc6 23. Qxc6 Nxc6 24. Ne4 Nd4 25. Rd2 f6 26. b4 fxe5 27. bxc5 Nc6 28. fxe5 Rxd2 29. Nxd2 Nxe5 30. Bg3 Nd3 31. c6 Rc8 32. c7 e5 33. Nc4 Bf6 34. h3 Rxc7 35. Nd6 Rc1 36. Kg1 Rxf1+ 37. Kxf1 Nc1 38. a4 Nd3 39. Nb7 Kf7 40. Ke2 Nb4 41. Be1 Nd5 42. Nc5 Nc7 43. Ba5 Be7 44. Nd7 Bd6 45. Nb8 Ke6 46. Kd3 Nd5 47. Nxa6 Nf4+ 48. Ke4 Nxg2 49. Nc7+ Kd7 50. Nb5 Bb8 51. Bb6 Nf4 52. h4 h6 53. Nc3 Kc6 54. Bf2 g5 55. hxg5 hxg5 56. Kf3 Bd6 57. Be3 Nd5 58. Nxd5 Kxd5 59. Bxg5 Kd4 60. Bf6 Kd5 1/2-1/2